| 000 | 00624 a2200217 4500 | ||
|---|---|---|---|
| 003 | Nust | ||
| 005 | 20221228172700.0 | ||
| 010 | _a 00266809 | ||
| 020 | _a0750645814 | ||
| 040 | _cNust | ||
| 082 | 0 | 0 | _a621.3883,EDW |
| 100 | 1 |
_aEdwards, John. _974072 |
|
| 245 | 1 | 0 |
_aTelevision IC data files / _cJohn Edwards. |
| 250 | _a2nd ed. | ||
| 260 |
_aOxford ; _aBoston : _bNewnes, _c2000. |
||
| 300 |
_a245 p. : _bill. ; _c24 cm. |
||
| 650 | 0 | _aIntegrated circuits. | |
| 650 | 0 |
_aTelevision circuits. _9106270 |
|
| 856 | 4 | 2 |
_3Publisher description _uhttp://www.loc.gov/catdir/description/els031/00266809.html |
| 942 |
_2ddc _cBK |
||
| 999 |
_c183299 _d183299 |
||